McGraw-Hill's hazardous chemical safety guide for the plastics industry / (Record no. 69356)

000 -LEADER
fixed length control field 01444cam a22003374a 4500
001 - CONTROL NUMBER
control field 11900698
003 - CONTROL NUMBER IDENTIFIER
control field NUST - PNEC
005 - DATE AND TIME OF LATEST TRANSACTION
control field 20170116181116.0
008 - FIXED-LENGTH DATA ELEMENTS--GENERAL INFORMATION
fixed length control field 000201s2000 nyu f 001 0 eng
010 ## - LIBRARY OF CONGRESS CONTROL NUMBER
LC control number 00024656
020 ## - INTERNATIONAL STANDARD BOOK NUMBER
International Standard Book Number 007135607X
040 ## - CATALOGING SOURCE
Original cataloging agency DLC
Transcribing agency LIBRARY
Modifying agency DLC
042 ## - AUTHENTICATION CODE
Authentication code pcc
050 00 - LIBRARY OF CONGRESS CALL NUMBER
Classification number TP1130
Item number .P64 2000
082 00 - DEWEY DECIMAL CLASSIFICATION NUMBER
Classification number 668.4199 POH
100 1# - MAIN ENTRY--PERSONAL NAME
Personal name Pohanish, Richard P.
245 10 - TITLE STATEMENT
Title McGraw-Hill's hazardous chemical safety guide for the plastics industry /
Statement of responsibility, etc. Richard P. Pohanish, Stanley A. Greene.
246 30 - VARYING FORM OF TITLE
Title proper/short title Hazardous chemical safety guide for the plastics industry
260 ## - PUBLICATION, DISTRIBUTION, ETC.
Place of publication, distribution, etc. New York :
Name of publisher, distributor, etc. McGraw-Hill,
Date of publication, distribution, etc. c2000.
300 ## - PHYSICAL DESCRIPTION
Extent ciii, 1404 p. ;
Dimensions 25 cm.
500 ## - GENERAL NOTE
General note Includes indexes.
650 #0 - SUBJECT ADDED ENTRY--TOPICAL TERM
Topical term or geographic name entry element Hazardous substances
Form subdivision Handbooks, manuals, etc.
General subdivision ME,IME
650 #0 - SUBJECT ADDED ENTRY--TOPICAL TERM
Topical term or geographic name entry element Plastics industry and trade
General subdivision Safety measures
Form subdivision Handbooks, manuals, etc.
700 1# - ADDED ENTRY--PERSONAL NAME
Personal name Greene, Stanley A.
856 42 - ELECTRONIC LOCATION AND ACCESS
Materials specified Publisher description
Uniform Resource Identifier <a href="http://www.loc.gov/catdir/description/mh021/00024656.html">http://www.loc.gov/catdir/description/mh021/00024656.html</a>
856 41 - ELECTRONIC LOCATION AND ACCESS
Materials specified Table of contents
Uniform Resource Identifier <a href="http://www.loc.gov/catdir/toc/mh021/00024656.html">http://www.loc.gov/catdir/toc/mh021/00024656.html</a>
856 42 - ELECTRONIC LOCATION AND ACCESS
Materials specified Contributor biographical information
Uniform Resource Identifier <a href="http://www.loc.gov/catdir/enhancements/fy0707/00024656-b.html">http://www.loc.gov/catdir/enhancements/fy0707/00024656-b.html</a>
906 ## - LOCAL DATA ELEMENT F, LDF (RLIN)
a 7
b cbc
c orignew
d 1
e ocip
f 20
g y-gencatlg
942 ## - ADDED ENTRY ELEMENTS (KOHA)
Source of classification or shelving scheme
Koha item type Book
Holdings
Withdrawn status Lost status Source of classification or shelving scheme Damaged status Not for loan Permanent Location Current Location Shelving location Date acquired Total Checkouts Full call number Barcode Date last seen Price effective from Koha item type
          Pakistan Navy Engineering College (PNEC) Pakistan Navy Engineering College (PNEC)       668.4199 POH PNECLIB-027022 10/04/2015   Book
© 2023 Central Library, National University of Sciences and Technology. All Rights Reserved.